Things That Are "Good" - Statistics

General Stats
  • This quiz has been taken 110 times
    88 since last reset
  • The average score is 12 of 20
Answer Stats
Hint Answer % Correct
No news is good... News
87%
Good...come to those who wait Things
84%
For...sake! Goodness
83%
Some prisoners get time off for good... Behavior / Conduct
81%
When actors say "Break a leg" they mean "Good...!" Luck
77%
KFC slogan Finger Licking Good
75%
Good... is a holiday commemorating the crucifixion of Jesus and his death at Calvary Friday
75%
For he's a jolly good...,for he's a jolly good...! Fellow
74%
In interrogation rooms a suspect may meet a good ...and a bad... Cop
72%
Buenos Dias Good Morning
72%
National secondhand charity store Goodwill
62%
The Good... in the Bible helps a traveler robbed and beaten on the road Samaritan
61%
Peanut's Charlie Brown's favorite expression "Good...!" Grief
57%
Good fences make good... Neighbors
52%
Do not go gentle into that good... Night
51%
The name of The Good Witch of the North in the Wizard of Oz Glinda
48%
Little Richard song Good...Miss... Golly Molly
43%
1992 movie where Jack Nicholson tells the court "You can't handle the truth!" A Few Good Men
35%
Mötley Crüe album titled Doctor ... Feelgood
32%
The brand or product with the slogan "Good to the last drop." Maxwell House / Coffee
14%
No matching quizzes found
Score Distribution
Percent of People with Each Score
Percentile by Number Answered
Your Score History
You have not taken this quiz since the last reset